Medagliere Olimpiadi invernali Lillehammer 1994 - Statistics

Statistiche generali
  • Questo quiz è stato fatto 4 volte
  • Il punteggio medio è 9 su 10
Statistiche sulle risposte
Medaglie d'Oro Medaglie d'Argento Medaglie di Bronzo Medaglie complessive Rappresentativa olimpica % Corretto
3 6 4 13 Canada
100%
0 1 5 6 Finlandia
100%
9 7 8 24 Germania
100%
7 5 8 20 Italia
100%
10 11 5 26 Norvegia
100%
11 8 4 23 Russia
100%
6 5 2 13 Stati Uniti
100%
3 4 2 9 Svizzera
100%
2 3 4 9 Austria
75%
4 1 1 6 Corea del Sud
50%
Nessun quiz corrispondente trovato
Distribuzione punteggi
Percentuale di utenti per punteggio
Percentile per numero di risposta
I tuoi punteggi nel tempo
Non hai fatto questo quiz